LDR 01109naa#a2200229#i#450# 001 RU\\bibl\126623 005 20260630070932.2 011 ## _a2587-6740 100 ## _a20260615b2026####ek#y0rusy0150####ca 102 ## _aRU 200 1# _aИспользование БПЛА в составлении картографической основы для кадастровых работ _eЖурнальная статья 210 1# _aМосква _cЭлектронная наука _d2026 215 ## _a3 с. 608 ## _aЖурнальная статья _2local 675 ## _aОбъекты и задачи государственного административного управления. 351 _z 700 #1 _aСидоров _gАлександр Аркадьевич 700 #1 _aНигматуллин _gРуслан Наилевич 700 #1 _aВасильева _gДарья Игоревна 700 #1 _aМичурина _gНадежда Юрьевна 700 #1 _aАмосова _gАнтонина Александровна 700 #1 _aХолопов _gЮрий Александрович 856 4# _amshj.ru _u